000 01152nab a22002297a 4500
999 _c5286
_d5286
003 OSt
005 20250225234412.0
008 190604e xxu||||| |||| 00| 0 spa d
040 _cPJ
100 _aViviano Hidalgo, Marina
_96400
245 1 3 _aEl silencio en la adopción. Una mirada interdisciplinaria /
_cMarina Viviano Hidalgo.
260 _aCiudad Autónoma de Buenos Aires :
_bThomson Reuters La Ley,
_c2025.
300 _ap. 33-
500 _aCita Online: TR LALEY AR/DOC/2699/2024
505 _aSumario: I. Introducción.— II. Novela familiar.— III. El silencio como obstáculo en el proceso de vinculación.— IV. El silencio en la narrativa personal del niño.— V. El derecho sale a la cancha.— VI. Conclusión.
505 _t¿Te interesa el texto completo? Solicitalo al correo: koha@justierradelfuego.gov.ar
650 0 _aDERECHO A LA IDENTIDAD
_92345
650 0 _aDERECHOS DE LAS NIÑAS, NIÑOS Y ADOLESCENTES
_92741
650 0 _aADOPCIÓN
_9974
773 0 _02714
_93171
_dCiudad Autónoma de Buenos Aires : Thomson Reuters La Ley, 2014-
_tRevista anales de legislación argentina. Nº 1 - Enero 2025.
942 _2udc
_cANA